Manuscritos del Concilio Tercero Provincial Mexicano (1585) (Record no. 114184)

MARC details
000 -LEADER
campo de control de longitud fija 03561nam a2200421 i 4500
001 - NÚMERO DE CONTROL
campo de control 114184
003 - IDENTIFICADOR DE NÚMERO DE CONTROL
campo de control mxcmmo
005 - FECHA Y HORA DE LA ÚLTIMA TRANSACCIÓN
campo de control 20260331231456.0
008 - DATOS DE LONGITUD FIJA--INFORMACIÓN GENERAL
campo de control de longitud fija 251022s2022 mx |||| |||| 001 0 spa d
020 ## - NÚMERO INTERNACIONAL ESTÁNDAR DEL LIBRO
Número Internacional Estándar del Libro 9786075441771
020 ## - NÚMERO INTERNACIONAL ESTÁNDAR DEL LIBRO
Número Internacional Estándar del Libro 9786075644349
035 ## - NÚMERO DE CONTROL DEL SISTEMA
Número de control de sistema 251442
040 ## - FUENTE DE CATALOGACIÓN
Centro catalogador/agencia de origen mxcmmo
Lengua de catalogación spa
Centro/agencia transcriptor mxcmmo
Normas de descripción rda
041 ## - CÓDIGO DE IDIOMA
Código de lengua del texto/banda sonora o título independiente spa
043 ## - CÓDIGO DE ÁREA GEOGRÁFICA
Código de área geográfica n-mx---
045 ## - PERIODO DE TIEMPO DEL CONTENIDO
Código de periodo de tiempo t8t8
082 04 - NÚMERO DE LA CLASIFICACIÓN DECIMAL DEWEY
Clasificación 262.52
Número de ítem MAN.d
Información de edición 2022
245 ## - MENCIÓN DEL TÍTULO
Título Manuscritos del Concilio Tercero Provincial Mexicano (1585)
Resto del título : directorio de confesores : estudios /
Mención de responsabilidad, etc. Andrés Lira González, Leopoldo López Valencia, editores ; Alberto Carrillo Cázares, Sebastián Terráneo, Roberto Jaramillo Escutia [y otros]
264 #4 - PRODUCCIÓN, PUBLICACIÓN, DISTRIBUCIÓN, FABRICACIÓN Y COPYRIGHT
Producción, publicación, distribución, fabricación y copyright Zamora, Michoacán
Nombre del de productor, editor, distribuidor, fabricante El Colegio de Michoacán :
-- El Colegio de México,
Fecha de producción, publicación, distribución, fabricación o copyright ©2022
300 ## - DESCRIPCIÓN FÍSICA
Extensión 324 páginas :
Dimensiones 23 cm
336 ## - TIPO DE CONTENIDO
Término de tipo de contenido texto
Código de tipo de contenido txt
Fuente rdacontent
337 ## - TIPO DE MEDIO
Nombre/término del tipo de medio sin medio
Código del tipo de medio n
Fuente rdamedia
338 ## - TIPO DE SOPORTE
Nombre/término del tipo de soporte volumen
Código del tipo de soporte nc
Fuente rdacarrier
504 ## - NOTA DE BIBLIOGRAFÍA, ETC.
Nota de bibliografía, etc. Nota Incluye referencias bibliográficas (páginas 295-320) e índice
505 ## - NOTA DE CONTENIDO CON FORMATO
Nota de contenido con formato Contenido:
Título Estados, oficios, obligaciones y orden justo en el Directorio de confesores (1585) /
Mención de responsabilidad Andrés Lira González
Título El Directorio de confesores del Concilio Tercero Provincial Mexicano (1585), ante el espejo del Manual de Confessores de Martín de Azpilcueta Navarro, 1555
Mención de responsabilidad Alberto Carillo Cázares
Título El Directorio de confesores y penitentes como fuente del dereho canónico indiano /
Mención de responsabilidad Sebastián Terráneo
Título El Directorio de confesores una necesidad inaplazable /
Mención de responsabilidad Roberto Jaramillo Escutia
Título La penitencia y la praxis religiosa. Bases doctrinales y estrategias orientadas en el Tercer Concilio Provincial Mexicano /
Mención de responsabilidad Jesús Joel Peña Espinosa
Título El concepto de "inmunidad de las iglesias" en las discusiones del Tercer Concilio Provincial Méxicano, su aplicación en el Directorio de confesores y penitentes y su practica forense en la Audiencia del Arzobispado de México /
Mención de responsabilidad Rodrigo Salomón Pérez Hernández
Título El Tercer Concilio Provincial Méxicano y la legitimidad del dominio de la Corona. Entre principios de autoridad e instrumentos de dislocación del poder /
Mención de responsabilidad Lara Semboloni Capitani
Título Confesión y penitencia en en Nuevo Reino de Granada. Aproximación a un tema inédito con apoyo del caso de Nueva España /
Mención de responsabilidad José David Cortés Guerrero
Título Jesuitas, los Concilios Provinciales y la confesión en el Directorio de Juan de la Plaza /
Mención de responsabilidad María del Carmen Espinosa Valdivia
Título El catecismo: integración o vía de designación de calidades desiguales /
Mención de responsabilidad Juana Patricia Pérez Munguía
Título Los pecados del nuevo mundo. Los señores naturales y la nueva moral cristiana /
Mención de responsabilidad Margarita Menegus Bornemann
Título La bula de la Santa Cruzada y los Concilios Provinciales Mexicanos /
Mención de responsabilidad María del Pilar Martínez López-Cano
Título El coro de las catedrales en los decretos del Tercer Concilio Provincial Mexicano: el oficio de maestro de ceremonias /
Mención de responsabilidad Lourdes Turrent Díaz
541 ## - NOTA DE FUENTE DE ADQUISICIÓN DIRECTA
Fuente de adquisición Dra. Beatriz Rojas Nieto
Forma de adquisición Donación
650 #7 - PUNTO DE ACCESO ADICIONAL DE MATERIA--TÉRMINO DE MATERIA
Término de materia o nombre geográfico como elemento de entrada Concilios y sinódos provinciales
Subdivisión geográfica México
9 (RLIN) 41481
650 #7 - PUNTO DE ACCESO ADICIONAL DE MATERIA--TÉRMINO DE MATERIA
Término de materia o nombre geográfico como elemento de entrada Iglesia Católica en México
Subdivisión general Historia
9 (RLIN) 2546
700 1# - ENTRADA AGREGADA--NOMBRE PERSONAL
Nombre de persona Carrillo Cázares, Alberto
Término indicativo de función/relación autor
9 (RLIN) 76609
700 1# - ENTRADA AGREGADA--NOMBRE PERSONAL
Nombre de persona Jaramillo Escutia, Roberto
Término indicativo de función/relación autor
9 (RLIN) 123370
700 1# - ENTRADA AGREGADA--NOMBRE PERSONAL
Nombre de persona Lira González, Andrés
Término indicativo de función/relación editor
9 (RLIN) 115234
700 1# - ENTRADA AGREGADA--NOMBRE PERSONAL
Nombre de persona López Valencia, Leopoldo
Término indicativo de función/relación editor
9 (RLIN) 206212
700 1# - ENTRADA AGREGADA--NOMBRE PERSONAL
Nombre de persona Sebastián Terráneo
Término indicativo de función/relación autor
9 (RLIN) 207273
710 ## - ENTRADA AGREGADA--NOMBRE DE ENTIDAD CORPORATIVA
Nombre de entidad corporativa o nombre de jurisdicción como elemento de entrada El Colegio de Michoacán
Término indicativo de función/relación organismo emisor
9 (RLIN) 1923
710 2# - ENTRADA AGREGADA--NOMBRE DE ENTIDAD CORPORATIVA
Nombre de entidad corporativa o nombre de jurisdicción como elemento de entrada El Colegio de México
9 (RLIN) 684
Término indicativo de función/relación organismo emisor
900 ## - ELEMENTOS DE DATOS A LOCAL, LDA (RLIN)
Nombre de persona Luis Manuel Hernández
Numeración Chávez Lorenzo, María de Lourdes
942 ## - ELEMENTOS DE ENTRADA SECUNDARIOS (KOHA)
Fuente del sistema de clasificación o colocación Clasificación Decimal Dewey
Tipo de ítem Koha Libro
901 ## - ELEMENTOS DE DATOS A LOCAL LDA (RLIN)
a batch batch
Holdings
Estatus retirado Estado de pérdida Fuente del sistema de clasificación o colocación Estado de daño No para préstamo Colección Biblioteca de origen Biblioteca actual Fecha de adquisición Fuente de adquisición Número de inventario Total de préstamos Signatura topográfica completa Código de barras Visto por última vez Precio de reemplazo Tipo de ítem Koha
    Clasificación Decimal Dewey     Libros (General) Biblioteca Instituto Mora Biblioteca Instituto Mora 22/10/2025 Donación 141077   (G)/262.52 MAN.d 2022 33006801145414 22/10/2025 22/10/2025 Libro préstamo regular